LEADER 01094nam0 2200313 450 001 000023327 005 20081125100817.0 100 $a20081125d1979----km-y0itaa50------ba 101 0 $aita 102 $aIT 200 1 $aSulla cocaina$fSigmund Freud$ga cura di Robert Byck$gintroduzione di Flavio Manieri$gnote agli scritti freudiani di Anna Freud 210 $aRoma$cNewton Compton$d1979 215 $a392 p.$cill.$d20 cm 225 2 $aPaperbacks saggi$v139 410 1$12001$aPaperbacks saggi$v139 606 1 $aCocaina 676 $a154.4$v(21. ed.)$9Stati di coscienza alterati 700 1$aFreud,$bSigmund$0128716 702 1$aByck,$bRobert 702 1$aManieri,$bFlavio 702 1$aFreud,$bAnna 801 0$aIT$bUniversità della Basilicata - B.I.A.$gRICA$2unimarc 912 $a000023327 996 $aSulla cocaina$991330 997 $aUNIBAS BAS $aLETTERE CAT $aEXT10$b01$c20081125$lBAS01$h1008 FMT Z30 -1$lBAS01$LBAS01$mBOOK$1BASA1$APolo Storico-Umanistico$2FMAS$BFondo Masini$3FMas/817/559$6817/559$5B817/559$820081125$f04$FPrestabile Didattica LEADER 01368nam--2200409---450- 001 990002290650203316 005 20100111131704.0 035 $a000229065 035 $aUSA01000229065 035 $a(ALEPH)000229065USA01 035 $a000229065 100 $a20041221d1982----km-y0itay0103----ba 101 $aita 102 $aIT 105 $a||||||||001yy 200 1 $aCasa e urbanistica nella legge 25 marzo 1982 n. 94$ecommento agli articoli 1-9$fAlberto Predieri, Mario P. Chiti 210 $aMilano$cGiuffré$d1982 215 $aXV, 809 p.$d22 cm 225 2 $aTerritorio e casa$iIntervento$v8 410 0$12001$aTerritorio e casa$iIntervento$v8 454 1$12001 461 1$1001-------$12001 676 $a301.54 700 1$aPREDIERI,$bAlberto$011646 701 1$aCHITI,$bMario Pilade$f<1944- >$0298772 801 0$aIT$bsalbc$gISBD 912 $a990002290650203316 951 $aXXIV.3. Coll. 16/ 18 (Coll. AYU 8)$b12819 E.C.$cXXIV.3. Coll. 16/ 18 (Coll. AYU)$d00263942 959 $aBK 969 $aGIU 979 $aSIAV7$b10$c20041221$lUSA01$h1424 979 $aRSIAV3$b90$c20100111$lUSA01$h1317 979 $aCHIARA$b90$c20110411$lUSA01$h1333 979 $aCHIARA$b90$c20110411$lUSA01$h1336 979 $aCHIARA$b90$c20110411$lUSA01$h1337 996 $aCasa e urbanistica nella legge 25 marzo 1982 n. 94$9678303 997 $aUNISA